• 首页
  • 本馆介绍
  • 公告通知
  • 最新文献
  • 馆藏检索
  • 电子资源
  • 读者导购
  • 参考咨询
  • 我的图书馆
  • 登录
  • 详细信息显示
  • 放入我的书架
  • 预约/预借图书
  • 作者相关作品
  • 分类相关作品
  • 丛书相关作品
  • 出版社相关作品

书目信息

  • 表格格式
  • 工作单格式
  • 卡片格式
题名:
抽样调查的理论及其应用方法
    
 
作者: 谢邦昌 著 ;董麓 , 张尧庭 改编
分册:  
出版信息: 北京   中国统计出版社  1998
页数: 501页
开本: 21cm
丛书名:
单 册:
中图分类: C811
科图分类:
主题词: 抽样调查--概论
电子资源:
ISBN: 7-5037-2602-4
000 00916nam0 2200253 45
001 060000017704
005 20050912093249.03
010    @a7-5037-2602-4@dCNY35.00
100    @a20041231d1998 ekmy0chiy0120 ea
101 0  @achi
102    @aCN@b110000
105    @ay z 000yy
200 1  @a抽样调查的理论及其应用方法@Achou yang diao cha de li lun ji qi ying yong fang fa@f谢邦昌著@Fxie bang chang zhu@g张尧庭,董麓改编
210    @a北京@c中国统计出版社@d1998
215    @a501页@d21cm
330    @a本书内容包括抽样调查的必要性,定义与符号,简单随机抽样,样本的抽取与样本量的估计,系统抽样,系统抽样,不等概率抽样法,分层抽样,整群抽样,多阶段抽样,比率估计等。
606 0  @a抽样调查@x概论
690    @aC811@v4
701  0 @a谢邦昌@Axie bang chang@4著
702  0 @a董麓@Adong lu@4改编
702  0 @a张尧庭@Azhang yao ting@4改编
801  0 @aCN@bTSSF@c20050912
905    @a10447@dC811@e35
999    @aAFJ@eDF
    
    抽样调查的理论及其应用方法/谢邦昌著/张尧庭,董麓改编.-北京:中国统计出版社,1998
    501页;21cm
    
    
    ISBN 7-5037-2602-4:CNY35.00
    本书内容包括抽样调查的必要性,定义与符号,简单随机抽样,样本的抽取与样本量的估计,系统抽样,系统抽样,不等概率抽样法,分层抽样,整群抽样,多阶段抽样,比率估计等。
●
相关链接 在E读中查询图书 在五车中查询图书 在当当中查询图书 在豆瓣中查询图书


正题名:抽样调查的理论及其应用方法     索取号:C811/35         预约/预借

序号 登录号 条形码 馆藏地/架位号 状态 备注
1 0360558   3605584   第一样本阅览室/ [索取号:C811/35] 在馆    
2 0360559   3605593   第一借阅区/ [索取号:C811/35] 在馆    
3 0360560   3605600   第一借阅区/ [索取号:C811/35] 在馆    
唐山师范学院图书馆 欢迎您!
大连网信软件有限公司© 版权所有